<?xml version="1.0" encoding="UTF-8"?><?xml-stylesheet type="text/xsl" href="static/style.xsl"?><OAI-PMH xmlns="http://www.openarchives.org/OAI/2.0/" xmlns:xsi="http://www.w3.org/2001/XMLSchema-instance" xsi:schemaLocation="http://www.openarchives.org/OAI/2.0/ http://www.openarchives.org/OAI/2.0/OAI-PMH.xsd"><responseDate>2026-04-28T19:52:51Z</responseDate><request verb="GetRecord" identifier="oai:uvadoc.uva.es:10324/65287" metadataPrefix="marc">https://uvadoc.uva.es/oai/request</request><GetRecord><record><header><identifier>oai:uvadoc.uva.es:10324/65287</identifier><datestamp>2025-01-16T13:28:42Z</datestamp><setSpec>com_10324_1142</setSpec><setSpec>com_10324_931</setSpec><setSpec>com_10324_894</setSpec><setSpec>col_10324_1259</setSpec></header><metadata><record xmlns="http://www.loc.gov/MARC21/slim" xmlns:doc="http://www.lyncode.com/xoai" xmlns:xsi="http://www.w3.org/2001/XMLSchema-instance" xmlns:dcterms="http://purl.org/dc/terms/" xsi:schemaLocation="http://www.loc.gov/MARC21/slim http://www.loc.gov/standards/marcxml/schema/MARC21slim.xsd">
<leader>00925njm 22002777a 4500</leader>
<datafield tag="042" ind1=" " ind2=" ">
<subfield code="a">dc</subfield>
</datafield>
<datafield tag="720" ind1=" " ind2=" ">
<subfield code="a">Clemente, Pietro</subfield>
<subfield code="e">author</subfield>
</datafield>
<datafield tag="720" ind1=" " ind2=" ">
<subfield code="a">Isolabella, Matias Nicolás</subfield>
<subfield code="e">author</subfield>
</datafield>
<datafield tag="260" ind1=" " ind2=" ">
<subfield code="c">2012</subfield>
</datafield>
<datafield tag="520" ind1=" " ind2=" ">
<subfield code="a">Resumen</subfield>
</datafield>
<datafield tag="024" ind2=" " ind1="8">
<subfield code="a">Maria Rita Diglio, Roberto Francavilla, Andrea Landolfi, y Maria Beatrice Lenzi (eds.), América Latina. Variazioni per Antonio Melis. Pisa: Pacini, 2012, p. 63-80</subfield>
</datafield>
<datafield tag="024" ind2=" " ind1="8">
<subfield code="a">978-88-6315-468-9</subfield>
</datafield>
<datafield tag="024" ind2=" " ind1="8">
<subfield code="a">https://uvadoc.uva.es/handle/10324/65287</subfield>
</datafield>
<datafield tag="245" ind1="0" ind2="0">
<subfield code="a">Poeti Naturali della terra</subfield>
</datafield>
</record></metadata></record></GetRecord></OAI-PMH>